000 00754nam a22001337a 4500
040 _cRUA
082 _aAVM HEA 2013 B109 Or.1
100 _aHEANG, SINA.
245 _aEffect of pyrantel and mebendazole on parasites in gastrointestinal of cattle in kdanh commune prey kabbas district takeo province, ប្រសិទ្ធភាពPYRANTEL និង MEBENDAZOLE ទៅលើបរាសិតខាងក្នុងក្រពះពោះវៀនគោ នៅឃុំក្ដាញ់ ស្រុកព្រៃកប្បាស ខេត្តតាកែវ
260 _aPhnom Penh
_bRUA
_c2013
300 _axii; 55p.
_bill.
_c29cm.
856 _uhttps://drive.google.com/file/d/1o8b59I9mXetyyb4XjplgLyddFCTMGARr/view?usp=sharing
942 _cAVM
999 _c2666
_d2666